Géographie du Japon. - Statistiques

Statistiques générales
  • Ce quiz a été pris 407 fois
  • Le résultat moyen est 9 sur 17
Statistiques - réponses
Question Réponses % Correct
Quelle est la capitale du Japon? Tokyo
100%
Quel océan borde le Japon? Océan {Pacifique}
90%
Quel est le plus haut sommet du Japon? Mont Fuji
88%
Quelle est la deuxième plus grande ville par sa population? Osaka
87%
Hokkaidō
74%
Mer du {Japon}
69%
Quelles sont les 4 principales îles qui composent le Japon? Honshū
67%
Kyūshū
60%
Le Japon en comporte 6 852. Îles
52%
Le territoire du Japon est constitué à 63% de _________ Montagnes
50%
Shikoku
46%
Avec quelle autre ville ces deux-dernières forment-t-elles la mégalopoles japonaise? Kobe
40%
De combien de préfectures est constituée le Japon? 47
37%
Mer de {Chine orientale}
24%
Mer des {Philippines}
15%
Quelles mers bordent le Japon? (Exclues les mers intérieurs) Mer d'{Okhotsk}
13%
Quel est le plus long fleuve japonais? Shinano-gawa
5%
Aucun quiz correspondant
Distribution des résultats
% des personnes avec chaque résultat
Percentile par nombre de réponses
Votre historique - résultats
Vous n’avez pas pris ce quiz